Peter Krause Filmography - Statistics

General Stats
  • This quiz has been taken 5 times
  • The average score is 14 of 42
Answer Stats
Type Year Name % Correct
TV Show 2018-Present 9-1-1
100%
Film 1998 The Truman Show
67%
TV Show 1997 3rd Rock from the Sun
33%
Theater 2004 After the Fall
33%
Short Film 2020 Attorneys at Love
33%
Film 2011 Beastly
33%
TV Show 1992 Beverly Hills, 90210
33%
Film 1987 Blood Harvest
33%
TV Show 1995 Brotherly Love
33%
TV Show 1990-1991 Carol & Company
33%
TV Show 1995 Caroline in the City
33%
Documentary Series 2021 Citizen Hearst: An American Experience Special
33%
Film 2006 Civic Duty
33%
TV Show 1995-1997 Cybill
33%
TV Show 2007-2009 Dirty Sexy Money
33%
TV Film 1992 Double Edge
33%
TV Show 1994 Ellen
33%
Web Mini-Series 2016 Gilmore Girls: A Year in the Life
33%
TV Show 1995 If Not for You
33%
Short Film 2000 It's a Shame About Ray
33%
Film 1997 Lovelife
33%
Film 1998 Melting Pot
33%
TV Documentary 2005 Mornings with Shirley Povich: A Century of Writing Sports
33%
Film 1998 My Engagement Party
33%
Film 2015 Night Owls
33%
TV Show 2010-2015 Parenthood
33%
Web Mini-Series 2014 Parenthood: Friday Night at the Luncheonette
33%
TV Show 1997 Party of Five
33%
Film 2018 Saint Judy
33%
TV Show 1992 Seinfeld
33%
TV Show 2001-2005 Six Feet Under
33%
TV Show 1998-2000 Sports Night
33%
Documentary 2007 Steep
33%
TV Show 1998 Style & Substance
33%
TV Show 2016-2017 The Catch
33%
TV Show 1996 The Drew Carey Show
33%
TV Show 1995 The Great Defender
33%
TV Mini-Series 2006 The Lost Room
33%
TV Show 1995 University Hospital
33%
Film 2004 We Don't Live Here Anymore
33%
TV Show 1999 Jeopardy!
0%
Film 2002 Showboy
0%
No matching quizzes found
Score Distribution
Percent of People with Each Score
Percentile by Number Answered
Your Score History
You have not taken this quiz